000 00474cam a2200145 4500500
005 20251012032424.0
041 _afre
042 _adc
100 1 0 _aBaron, Anne-Marie
_eauthor
245 0 0 _aMAGDALA de Damien Manivel une image inédite de Marie-Madeleine
260 _c2023.
500 _a67
786 0 _nRevue Sens | 449 | 4 | 2023-07-01 | p. 415-415 | 0337-6222
856 4 1 _uhttps://shs.cairn.info/revue-revue-sens-2023-4-page-415?lang=fr&redirect-ssocas=7080
999 _c1547202
_d1547202